| 000 | 00390nam a2200169Ia 4500 | ||
|---|---|---|---|
| 008 | 230524s9999 xx 000 0 und d | ||
| 020 | _a9789384588670 | ||
| 082 | _bBHA | ||
| 100 | _aS.S. Bhavikatti | ||
| 245 | 0 | _aConcrete Technology | |
| 250 | _a1 | ||
| 260 |
_aNew Delhi _bCharotar _c2015 |
||
| 300 | _a"XI,349p;" | ||
| 500 | _aQuantity Number: 1 | ||
| 650 | _aCivil | ||
| 942 | _cBK | ||
| 999 |
_c57825 _d57825 |
||